Catálogo

Serie cuidados avanzados / (Registro nro. 41795)

Detalles MARC
000 -LEADER
fixed length control field 01429cam a2200349 i 4500
001 - CONTROL NUMBER
control field 41795
003 - CONTROL NUMBER IDENTIFIER
control field Mx-PuUPA
005 - DATE AND TIME OF LATEST TRANSACTION
control field 20200311103216.0
008 - FIXED-LENGTH DATA ELEMENTS--GENERAL INFORMATION
fixed length control field 140415s2012 sp ao fr 001 0 spa d
020 ## - INTERNATIONAL STANDARD BOOK NUMBER
International Standard Book Number 9788495626615 (obra completa)
020 ## - INTERNATIONAL STANDARD BOOK NUMBER
International Standard Book Number 9788495626622 (v.1)
020 ## - INTERNATIONAL STANDARD BOOK NUMBER
International Standard Book Number 9788495626639 (v.2)
040 ## - CATALOGING SOURCE
Transcribing agency Mx-PuUPA
Original cataloging agency Mx-PuUPA
Language of cataloging spa
Modifying agency Mx-PuUPA
Description conventions rda
041 0# - LANGUAGE CODE
Language code of text/sound track or separate title spa
245 10 - TITLE STATEMENT
Title Serie cuidados avanzados /
Statement of responsibility, etc. José Ramón Martínez Riera, Rafael del Pino Casado ; colaborador, Josep Amílcar Albert Sabater, [y otros veintitrés]
246 33 - VARYING FORM OF TITLE
Title proper/short title Enfermería en atención primaria.
264 #4 - PRODUCTION, PUBLICATION, DISTRIBUTION, MANUFACTURE, AND COPYRIGHT NOTICE
Place of production, publication, distribution, manufacture Madrid, España :
Name of producer, publisher, distributor, manufacturer Difusión Avances de Enfermería,
Date of production, publication, distribution, manufacture, or copyright notice 2012
300 ## - PHYSICAL DESCRIPTION
Extent 2 volúmenes (paginación varía) :
Other physical details ilustraciones, fotografías ;
Dimensions 28 cm
336 ## - CONTENT TYPE
Content type term texto
Fuente rdacontent
Content type code txt
337 ## - MEDIA TYPE
Media type term sin medio
Source rdamedia
Media type code n
338 ## - CARRIER TYPE
Carrier type term volumen
Source rdacarrier
Carrier type code nc
490 0# - SERIES STATEMENT
Series statement Cuidados Avanzados
505 8# - FORMATTED CONTENTS NOTE
Miscellaneous information v.1.
Title Enfermería en atención primaria 1.-
Miscellaneous information v.2.
Title Enfermería en atención primaria 2.
650 #4 - SUBJECT ADDED ENTRY--TOPICAL TERM
Topical term or geographic name entry element Enfermería de emergencias
700 1# - ADDED ENTRY--PERSONAL NAME
Personal name Martínez Riera, José Ramón,
Relator term autor
9 (RLIN) 10679
700 1# - ADDED ENTRY--PERSONAL NAME
Personal name Pino Casado, Rafael del,
Relator term autor
700 1# - ADDED ENTRY--PERSONAL NAME
Personal name Albert Sabater, Josep Amílcar,
Relator term colaborador
942 ## - ADDED ENTRY ELEMENTS (KOHA)
Source of classification or shelving scheme Dewey Decimal Classification
Koha item type Libro
Classification part 610.73
Item part S481
Existencias
Withdrawn status Lost status Source of classification or shelving scheme Damaged status Not for loan Collection code Home library Current library Shelving location Date acquired Source of acquisition Serial Enumeration / chronology Total Checkouts Full call number Barcode Date last seen Price effective from Koha item type
    Dewey Decimal Classification     General Biblioteca Karol Wojtyla Biblioteca Karol Wojtyla Sala general 03/12/2013 Compra v.1   610.73 S481 2012 6301 05/01/2026 10/07/2018 Reserva permanente
    Dewey Decimal Classification     General Biblioteca Karol Wojtyla Biblioteca Karol Wojtyla Sala general 11/03/2020   v.2   610.73 S481 2012 24848 05/01/2026 11/03/2020 Reserva permanente